Toán bồi dưỡng học sinh năng khiều tiểu học 2
v.v...
Đã lưu trong:
| Tác giả chính: | |
|---|---|
| Định dạng: | Sách |
| Năm xuất bản: |
Đà Nẵng
Nxb Đà Nẵng
2003
|
| Chủ đề: | |
| Tags: |
Thêm thẻ
Không có thẻ, Hãy là người đầu tiên gắn thẻ bản ghi này!
|
| LEADER | 01761nam a2200253 4500 | ||
|---|---|---|---|
| 999 | |c 11097 |d 11097 | ||
| 082 | |a 372.7 |b NG527T | ||
| 100 | |a Nguyễn Tiến | ||
| 245 | |a Toán bồi dưỡng học sinh năng khiều tiểu học 2 |c Nguyễn Tiến, Võ Minh, Huỳnh Bảo Châu | ||
| 260 | |a Đà Nẵng |b Nxb Đà Nẵng |c 2003 | ||
| 300 | |a 119 tr. |c 21 cm. | ||
| 520 | |a v.v... | ||
| 653 | |a Giáo dục tiểu học | ||
| 653 | |a Toán học | ||
| 653 | |a Lớp 2 | ||
| 942 | |2 ddc |c STK0 | ||
| 952 | |0 0 |1 0 |2 ddc |4 0 |6 372_700000000000000_NG527T |7 0 |8 300 |9 95576 |a qbu |b qbu |c D2 |d 2015-09-29 |g 9000 |o 372.7 NG527T |p 10833.c1 |r 0000-00-00 |w 2015-09-29 |y STK0 | ||
| 952 | |0 0 |1 0 |2 ddc |4 0 |6 372_700000000000000_NG527T |7 0 |8 300 |9 95577 |a qbu |b qbu |c D2 |d 2015-09-29 |g 9000 |o 372.7 NG527T |p 10833.c2 |r 0000-00-00 |w 2015-09-29 |y STK0 | ||
| 952 | |0 0 |1 0 |2 ddc |4 0 |6 372_700000000000000_NG527T |7 0 |8 300 |9 95578 |a qbu |b qbu |c D2 |d 2015-09-29 |g 9000 |o 372.7 NG527T |p 10833.c3 |r 0000-00-00 |w 2015-09-29 |y STK0 | ||
| 952 | |0 0 |1 0 |2 ddc |4 0 |6 372_700000000000000_NG527T |7 0 |8 300 |9 95579 |a qbu |b qbu |c D2 |d 2015-09-29 |g 9000 |o 372.7 NG527T |p 10833.c4 |r 0000-00-00 |w 2015-09-29 |y STK0 | ||
| 952 | |0 0 |1 0 |2 ddc |4 0 |6 372_700000000000000_NG527T |7 0 |8 300 |9 95580 |a qbu |b qbu |c D2 |d 2015-09-29 |g 9000 |l 1 |o 372.7 NG527T |p 10833.c5 |r 2018-01-26 |s 2018-01-24 |w 2015-09-29 |y STK0 | ||
| 952 | |0 0 |1 0 |2 ddc |4 0 |6 372_700000000000000_NG527T |7 0 |8 300 |9 95581 |a qbu |b qbu |c D2 |d 2015-09-29 |g 9000 |o 372.7 NG527T |p 10833.c6 |r 0000-00-00 |w 2015-09-29 |y STK0 | ||
| 952 | |0 0 |1 0 |2 ddc |4 0 |6 372_700000000000000_NG527T |7 0 |8 300 |9 95582 |a qbu |b qbu |c D2 |d 2015-09-29 |g 9000 |l 1 |o 372.7 NG527T |p 10833.c7 |r 2018-05-22 |s 2018-05-15 |w 2015-09-29 |y STK0 | ||
| 952 | |0 0 |1 0 |2 ddc |4 0 |6 372_700000000000000_NG527T |7 0 |8 300 |9 95583 |a qbu |b qbu |c D2 |d 2015-09-29 |g 9000 |o 372.7 NG527T |p 10833.c8 |r 0000-00-00 |w 2015-09-29 |y STK0 | ||